| Tag |
First Indicator |
Second Indicator |
Subfields |
| LEADER |
00000cam a2200000 i 4500 |
| 001 |
in00002814708 |
| 005 |
20151203083817.0 |
| 006 |
m o d f |
| 007 |
cr bn||||||||| |
| 008 |
130118s2012 dcu ob f000 0 eng c |
| 035 |
|
|
|a (OCoLC)ocn824624465
|
| 040 |
|
|
|a GPO
|b eng
|e rda
|c GPO
|d GPO
|d MvI
|d UtOrBLW
|
| 042 |
|
|
|a pcc
|
| 043 |
|
|
|a a-ir---
|a aw-----
|a n-us---
|
| 049 |
|
|
|a WWW
|
| 050 |
1 |
4 |
|a KF26
|b .F6619 2012
|
| 074 |
|
|
|a 1039-C (online)
|
| 086 |
0 |
|
|a Y 4.F 76/2:S.HRG.112-606
|
| 110 |
1 |
|
|a United States.
|b Congress.
|b Senate.
|b Committee on Foreign Relations.
|b Subcommittee on Near Eastern and South and Central Asian Affairs,
|e author.
|
| 245 |
1 |
0 |
|a Iran's support for terrorism in the Middle East :
|b hearing before the Subcommittee on Near Eastern and South and Central Asian Affairs of the Committee on Foreign Relations, United States Senate, One Hundred Twelfth Congress, second session, July 25, 2012.
|
| 264 |
|
1 |
|a Washington :
|b U.S. Government Printing Office,
|c 2012.
|
| 300 |
|
|
|a 1 online resource (iii, 51 pages).
|
| 336 |
|
|
|a text
|b txt
|2 rdacontent
|
| 337 |
|
|
|a computer
|b c
|2 rdamedia
|
| 338 |
|
|
|a online resource
|b cr
|2 rdacarrier
|
| 490 |
1 |
|
|a S. hrg. ;
|v 112-606
|
| 500 |
|
|
|a Title from title screen (viewed on Jan. 18, 2013).
|
| 500 |
|
|
|a Paper version available for sale by the Superintendent of Documents, U.S. Government Printing Office.
|
| 504 |
|
|
|a Includes bibliographical references.
|
| 650 |
|
0 |
|a State-sponsored terrorism
|z Iran.
|
| 650 |
|
0 |
|a Terrorism
|z Middle East.
|
| 650 |
|
0 |
|a Weapons of mass destruction
|z Iran.
|
| 650 |
|
0 |
|a Nuclear weapons
|z Iran.
|
| 650 |
|
0 |
|a Terrorism
|x Prevention
|x Government policy
|z United States.
|
| 651 |
|
0 |
|a United States
|x Foreign relations
|z Iran.
|
| 651 |
|
0 |
|a Iran
|x Foreign relations
|z United States.
|
| 651 |
|
0 |
|a Iran
|x Foreign relations
|z Middle East.
|
| 651 |
|
0 |
|a Middle East
|x Foreign relations
|z Iran.
|
| 610 |
2 |
0 |
|a Hizballah (Lebanon)
|
| 776 |
0 |
8 |
|i Print version:
|a United States. Congress. Senate. Committee on Foreign Relations. Subcommittee on Near Eastern and South and Central Asian Affairs.
|t Iran's support for terrorism in the Middle East
|w (OCoLC)820475062
|
| 776 |
0 |
8 |
|i Microfiche version:
|a United States. Congress. Senate. Committee on Foreign Relations. Subcommittee on Near Eastern and South and Central Asian Affairs.
|t Iran's support for terrorism in the Middle East
|w (OCoLC)839299657
|
| 810 |
1 |
|
|a United States.
|b Congress.
|b Senate.
|t S. hrg. ;
|v 112-606.
|
| 856 |
4 |
0 |
|3 PDF version:
|u http://purl.fdlp.gov/GPO/gpo33264
|t 0
|
| 856 |
4 |
0 |
|3 Text version:
|u http://purl.fdlp.gov/GPO/gpo33265
|t 0
|
| 999 |
|
|
|a MARS
|
| 999 |
f |
f |
|s 88167aa0-ffba-3b03-95ba-692e65958d57
|i 9b859d5d-5cec-3dad-b64a-c4bd847bdebb
|t 0
|
| 952 |
f |
f |
|a Texas A&M University
|b College Station
|c Electronic Resources
|d Available Online
|t 0
|e Y 4.F 76/2:S.HRG.112-606
|h Superintendent of Documents classification
|
| 998 |
f |
f |
|a Y 4.F 76/2:S.HRG.112-606
|t 0
|l Available Online
|